000 00350nam a2200109Ia 4500
008 180205s9999 xx 000 0 und d
020 _a9781416621683
100 _aMarshall, Jeff C.
245 4 _aThe highly effective teacher :
_b7classroom-tested practices that foster student success
260 _aUsa :
_bASCD publication
_c2016
300 _a129 pages
999 _c354962
_d354962